000 00576nam a2200193Ia 4500
003 GCL
008 140319s9999 xx 000 0 ara d
040 _aGCL /
_cGCL
082 0 4 _a335.2
_bج ح
100 1 _aجارودى، روجيه
245 1 0 _aالحقيقة كلها ايار 1968 - شباط 1970 /
_cجارودى، روجيه
700 1 _aفؤاد ايوب
300 _a215 ص
490 _aسلسلة الافكار
_v0
650 0 4 _aالاشتراكية
650 0 4 _aفرنسا - تاريخ
650 0 4 _aالاشتراكية - فرنسا
942 _2ddc
_cBK
999 _c50546
_d50546